00000000nam##2200000za#4500
0019.625221
003CaOODSP
00520200327182549
007ta
008150406|1999||||xxc|||||     f|0| 0 fre|d
020 |a0-662-84327-4
040 |aCaOODSP|bfre
043 |an-cn---
0861 |aMP32-28/98-7F
1101 |aCanada.|bDéveloppement des ressources humaines Canada. |bDirection générale de la recherche appliquée.
24510|aVariation des résultats développementaux chez les enfants des familles monoparantales / |cpar David P. Ross, Paul A. Roberts et Katherine Scott.
260 |aOttawa - Ontario : |bDéveloppement des ressources humaines Canada. |c1999.
300 |aviii, 43p. : |bgraphiques, tableaux ; |c28 cm.
4901 |aDocument de travail|vW-98-7F
500 |a«Nous utilisons ici des données de l'ELNEJ pour établir où il existe des différences entre les enfants de familles monoparentales et un groupe témoin composé de tous les enfants en ce qui concerne un éventail très vaste de variables de résultats développementaux. Au total, 55 variables associées à l'âge ont été examinées pour les enfants de 2 à 3 ans, les enfants de 4 à 5 ans et les enfants de 6 à 11 ans, respectivement.»--Sommaire.
504 |aBibliographie.
5203 |aNous utilisons ici des données de l'ELNEJ pour établir où il existe des différences entre les enfants de familles monoparentales et un groupe témoin composé de tous les enfants en ce qui concerne un éventail très vaste de variables de résultats développementaux. Au total, 55 variables associées à l'âge ont été examinées pour les enfants de 2 à 3 ans, les enfants de 4 à 5 ans et les enfants de 6 à 11 ans, respectivement.--Sommaire
563 |aCouverture souple
590 |a00-21|b2000-05-26
7201 |aRoss, David P
7201 |aScott, Katherine
7201 |aRoberts, Paul A.
77508|tVariations in child development outcomes among children living in lone-parent families / |w(CaOODSP)9.614706
7760#|tVariation des résultats développementaux chez les enfants des familles monoparentales / |w(CaOODSP)9.603511
830#0|aDocument de travail ;|vW-98-7F|w(CaOODSP)9.513149